000 00691nam a2200229Ia 4500
005 20211109153048.0
008 131103s9999 xx 000 0 und d
020 _a875814271
_cRs 495
040 _aLoreto College
041 _aEnglish
082 _a320.3
_bPAL
100 _aPalmer, Monte
245 _aComparative Politics
_b Political economy, Political culture, and Political Interdependence
_cMonte Palmer
250 _a2nd ed
260 _aItasca, Illinois
_bF.E. Peacock Publishers Inc.
_c2001
300 _axviii,515p
504 _aIncludes bibliographical references and index
650 _aComparative Politics
651 _aPolitics
850 _aLCLIB
942 _cBK
999 _c17530
_d68009